00912njm a2200217 i 45000010005000000030009000050050017000140070015000310080041000461000032000872450088001192600041002073000053002484900030003015000038003315180151003696100070005207100044005908300030006348520030006644657ES-MaACL20250802063052.0s|r|||||||||||070806s1966 sp ||| g ||||||||1|nspa d1 aRubio, Rodrigo, d1931-200710aRodrigo Rubio enjuicia su obra h[Grabación sonora] / cinterviene Rodrigo Rubio. aMadrid : bAteneo de Madrid, c1966. a1 disco (CD-DA) (1 h. 4 min. 25 seg.) ; c12 cm.1 aEl autor enjuicia su obra aDatos basados en la invitación. aActo organizado por el Aula de Literatura del Ateneo de Madrid , grabado en el salón de actos el viernes 18 de noviembre de 1966, a las 19:30 h.24aAteneo de Madrid-xActos culturales-y1966-vGrabaciones sonoras.2 aAteneo de Madrid. bAula de Literatura.0 aEl autor enjuicia su obra aES-MaACLjROT 3/2/24cROT